Europe Map Quiz #3 - Statistics

General Stats
  • This quiz has been taken 281 times
  • The average score is 27 of 34
Answers on the Map
Answers color-coded by a green-red scale on the quiz's map according to % correct below.
 
Answer Stats
Answer % Correct
Russia
93%
United Kingdom
93%
Italy
89%
Portugal
89%
Spain
89%
Ukraine
89%
Germany
87%
Ireland
87%
Netherlands
87%
Switzerland
87%
Belgium
84%
France
84%
Greece
84%
Iceland
84%
Czech Republic
82%
Denmark
82%
Finland
82%
Lithuania
82%
Norway
82%
Poland
82%
Sweden
82%
Austria
80%
Estonia
80%
Latvia
76%
Croatia
73%
Romania
73%
Bosnia and Herzegovina
71%
Belarus
69%
Hungary
69%
Bulgaria
67%
Serbia
64%
Slovakia
64%
Albania
62%
Macedonia
62%
No matching quizzes found
Score Distribution
Percent of People with Each Score
Percentile by Number Answered
Your Score History
You have not taken this quiz